000 01967cam a22005774i 4500
003 PE-LiUPU
005 20250731180148.0
008 150706s r 000 0 d
020 _a8477384541
035 _a(Sirsi) i9788477384540
040 _aPE-LiUPU
_bspa
_cPE-LiUPU
_erda
049 _aPRUA
082 0 4 _a512.85
_bS59
_221
100 1 _aScala Estalella, Juan José,
_eautor.
245 1 0 _aAnálisis vectorial II :
_bfunciones vectoriales y teoría de campos /
_cJuan José Scala Estalella.
264 1 _aMadrid :
_bSíntesis,
_c2011 .
300 _a506 páginas :
_bilustraciones ;
_c24 cm.
336 _atext
_2rdacontent
337 _aunmediated
_2rdamedia
338 _avolume
_2rdacarrier
490 0 _aIngenieria ;
_v8
504 _aIncluye bibliografía.
505 0 _aFunciones vectoriales -- Campos escalares y vectoriales.
526 _aSEG44
526 _aSEG26
526 _aP159
526 _aP155
526 _aP154
526 _aP153
526 _aP150
526 _aP100
526 _aP31
526 _aP30
526 _aP26
526 _aP25
526 _aP24
526 _aP22
526 _aP15
526 _aP10
541 _g001-0035421;
650 1 4 _aAnálisis vectorial.
650 2 4 _aCampos, Teoría de (Física).
650 2 4 _aVectores.
910 _bjv
_cng
_d20120620
942 _2ddc
_cBOOK
949 _a512.85 S59
_wDEWEY
_c1
_i65047
_lCCODEBUL1
_mBUL
_p62.00
_r0
_sY
_tBOOK
_u2015-7-6
_xINGENIERIA
_zUNKNOWN
_o.STAFF. Colección General
994 _aC0
_bPEPRU
596 _a1
999 _a512.85 S59
_wDEWEY
_c53733
_i65047
_f2021-11-9
_g7
_lCCODEBUL1
_mBUL
_p62.00
_r0
_sY
_tBOOK
_u2015-7-6
_xINGENIERIA
_zUNKNOWN
_0COMPRA
_o.STAFF. Colección General
_d53733
999 _a512.85 S59
_wDEWEY
_c2
_i70091
_d2018-8-23
_e2017-8-15
_f2021-11-5
_g7
_lCCODEBUL1
_mBUL
_n1
_p68.00
_q1
_r0
_sY
_tBOOK
_u2015-7-30
_xBIBLIOTECA
_zUNKNOWN
_0COMPRA
980 _81
_gALBERTO SANCHEZ Responsable de Automatización